000 00643nam a2200229Ia 4500
003 OSt
005 20220918210552.0
006 a|||||r|||| 00| 0
007 ta
008 220917b |||||||| |||| 00| 0 eng d
024 _a121,046
037 _cTextual
040 _aARTS
_cARTS
_beng
041 _2eng
_aeng
082 _aV73:2:L8, J3
100 _aRossiter Clinton Lawrence
_9118644
245 0 _aSeedtime of the republic
_b the origin of the American tradition of political liberty
260 _c1953
650 _aHISTORY
942 _hV73:2:L8, J3
_cTEXL
_2CC
999 _c244275
_d244275